Đại cương về triết học Trung Quốc: Trang Tử Tinh Hoa
Gespeichert in:
| 1. Verfasser: | |
|---|---|
| Format: | Buch |
| Sprache: | Undetermined |
| Veröffentlicht: |
Tp. HCM
Nxb. Tp. HCM
1992
|
| Schlagworte: | |
| Tags: |
Tag hinzufügen
Keine Tags, Fügen Sie den ersten Tag hinzu!
|
| Thư viện lưu trữ: | Trung tâm Học liệu Trường Đại học Cần Thơ |
|---|
| LEADER | 00540nam a2200181Ia 4500 | ||
|---|---|---|---|
| 001 | CTU_20676 | ||
| 008 | 210402s9999 xx 000 0 und d | ||
| 082 | |a 181.11 | ||
| 082 | |b Th500 | ||
| 100 | |a Nguyễn Duy Cần | ||
| 245 | 0 | |a Đại cương về triết học Trung Quốc: Trang Tử Tinh Hoa | |
| 245 | 0 | |c Nguyễn Duy Cần | |
| 260 | |a Tp. HCM | ||
| 260 | |b Nxb. Tp. HCM | ||
| 260 | |c 1992 | ||
| 650 | |a philosophy, chinese | ||
| 904 | |i Minh, 971225 | ||
| 980 | |a Trung tâm Học liệu Trường Đại học Cần Thơ | ||